Surrey Train Stations - Statistics

General Stats
  • This quiz has been taken 174 times
  • The average score is 32 of 84
Answer Stats
Main Operator Station % Correct
South Western Railway Guildford
86%
South Western Railway Woking
81%
Southern Dorking
72%
Southern Reigate
71%
Southern Epsom
70%
South Western Railway Ash
69%
Thameslink Redhill
66%
South Western Railway Leatherhead
64%
South Western Railway Weybridge
59%
South Western Railway Godalming
58%
South Western Railway Staines
57%
South Western Railway Farnham
56%
South Western Railway Walton-on-Thames
55%
South Western Railway Esher
54%
South Western Railway Ash Vale
48%
South Western Railway Addlestone
47%
South Western Railway Chertsey
47%
South Western Railway Egham
47%
South Western Railway Camberley
46%
South Western Railway Haslemere
46%
South Western Railway Virginia Water
46%
South Western Railway West Byfleet
46%
Thameslink Horley
44%
South Western Railway London Road (Guildford)
44%
South Western Railway Ashford
43%
Great Western Railway Dorking Deepdene
42%
South Western Railway Clandon
41%
South Western Railway Farncombe
41%
South Western Railway Frimley
41%
Great Western Railway Gomshall
41%
Southern Caterham
40%
South Western Railway Byfleet & New Haw
39%
Great Western Railway Dorking West
39%
South Western Railway Effingham Junction
38%
Southern Ashtead
37%
Southern Oxted
37%
Great Western Railway Shalford
37%
Southern Box Hill & Westhumble
36%
South Western Railway Hampton Court
36%
South Western Railway Hersham
36%
South Western Railway Horsley
36%
South Western Railway Oxshott
36%
South Western Railway Worplesdon
36%
South Western Railway Ewell West
35%
South Western Railway Milford
35%
South Western Railway Brookwood
34%
Thameslink Earlswood
34%
Southern Epsom Downs
34%
Southern Ewell East
34%
South Western Railway Bookham
33%
South Western Railway Sunbury
33%
South Western Railway Bagshot
32%
Great Western Railway Chilworth
32%
Southern Tattenham Corner
32%
South Western Railway Witley
32%
South Western Railway Cobham & Stoke d'Abernon
31%
Southern Merstham
31%
South Western Railway Shepperton
31%
Southern Banstead
29%
South Western Railway Thames Ditton
29%
South Western Railway Claygate
28%
Thameslink Salfords
28%
Great Western Railway North Camp
27%
South Western Railway Wanborough
27%
Southern Lingfield
26%
Southern Tadworth
26%
Southern Kingswood
25%
South Western Railway Stoneleigh
25%
Great Western Railway Betchworth
24%
Southern Dormans
23%
Southern Upper Warlingham
23%
Southern Whyteleafe
23%
Southern Chipstead
22%
Southern Godstone
22%
South Western Railway Hinchley Wood
22%
Southern Hurst Green
22%
Southern Woldingham
22%
Southern Ockley
21%
Southern Nutfield
20%
Southern Whyteleafe South
20%
South Western Railway Longcross
19%
South Western Railway Kempton Park
17%
Southern Holmwood
16%
South Western Railway Upper Halliford
16%
No matching quizzes found
Score Distribution
Percent of People with Each Score
Percentile by Number Answered
Your Score History
You have not taken this quiz